• 首页
  • 本馆介绍
  • 公告通知
  • 最新文献
  • 馆藏检索
  • 电子资源
  • 读者导购
  • 参考咨询
  • 我的图书馆
  • 登录
  • 详细信息显示
  • 放入我的书架
  • 预约/预借图书
  • 作者相关作品
  • 分类相关作品
  • 丛书相关作品
  • 出版社相关作品

书目信息

  • 表格格式
  • 工作单格式
  • 卡片格式
题名:
新编大学生心理健康教育
    
 
作者: 饶淑园 , 钟小川 主编
分册:  
出版信息: 上海   华东师范大学出版社  2022.09
页数: 281页
开本: 26cm
丛书名:
单 册:
中图分类: B844.2 , G444
科图分类:
主题词: 大学生--da xue sheng--心理健康--健康教育
电子资源:
ISBN: 978-7-5675-9467-8
000 01145nam0 2200277 450
001 012001003420
005 20141204161036.0
010    @a978-7-5675-9467-8@dCNY46.00
099    @aCAL 012019165209
100    @a20220905d2019 em y0chiy50 ea
101 0  @achi
102    @aCN@b310000
105    @ak z 000yy
106    @ar
200 1  @a新编大学生心理健康教育@Axin bian da xue sheng xin li jian kang jiao yu@f主编饶淑园, 钟小川
210    @a上海@c华东师范大学出版社@d2022.09
215    @a281页@d26cm
330    @a本书帮助大学生认识自我, 开发潜能, 解决成长过程中遇到的各种困惑及问题。比如: 如何提高社会适应能力, 正确面对学习、交友、爱情等方面遇到的问题及网络的诱惑; 学会如何调控情绪的方法和人际交往技能, 优化个性心理品质; 如何应对危机和挫折, 以防止心理疾患发生等现实问题, 本书都给予了较好的解答与诠释。
517 1  @a大学生心理健康教育@Ada xue sheng xin li jian kang jiao yu
606 0  @a大学生@Ada xue sheng@x心理健康@x健康教育
690    @aB844.2@v5
690    @aG444@v5
701  0 @a饶淑园@Arao shu yuan@4主编
701  0 @a钟小川@Azhong xiao chuan@4主编
801  0 @aCN@bAHXH@c20221111
905    @b1374784-8@dB844.2@e4487@f5
    
    新编大学生心理健康教育/主编饶淑园, 钟小川.-上海:华东师范大学出版社,2022.09
    281页;26cm
    
    
    ISBN 978-7-5675-9467-8:CNY46.00
    本书帮助大学生认识自我, 开发潜能, 解决成长过程中遇到的各种困惑及问题。比如: 如何提高社会适应能力, 正确面对学习、交友、爱情等方面遇到的问题及网络的诱惑; 学会如何调控情绪的方法和人际交往技能, 优化个性心理品质; 如何应对危机和挫折, 以防止心理疾患发生等现实问题, 本书都给予了较好的解答与诠释。
●
相关链接 在E读中查询图书 在五车中查询图书 在当当中查询图书 在豆瓣中查询图书


正题名:新编大学生心理健康教育     索取号:B844.2/4487         预约/预借

序号 登录号 条形码 馆藏地/架位号 状态 备注
1 1374784   213747846   第一样本阅览室/ [索取号:B844.2/4487] 在馆    
2 1374785   213747855   教育系资料室/ [索取号:B844.2/4487] 在馆    
3 1374786   213747864   教育系资料室/ [索取号:B844.2/4487] 在馆    
4 1374787   213747873   第一借阅区/ [索取号:B844.2/4487] 在馆    
5 1374788   213747882   第一借阅区/ [索取号:B844.2/4487] 在馆    
唐山师范学院图书馆 欢迎您!
大连网信软件有限公司© 版权所有